| 000 | 00872nam a2200277 i 4500 | ||
|---|---|---|---|
| 001 | 47872 | ||
| 003 | ES-MaACL | ||
| 005 | 20230906161642.0 | ||
| 007 | t| | ||
| 008 | 030623s2002 sp ||||0| spa j | ||
| 020 | _a84-8432-307-2 | ||
| 040 |
_aM-BN _bspa _cM-BN |
||
| 080 | _a577.21 | ||
| 100 | 1 |
_aWatson, James D. _9116190 |
|
| 245 | 1 | 0 |
_aPasión por el ADN _b: genes, genomas y sociedad / _cJames D. Watson ; introducción, epílogo y notas de Walter Gratzer ; traducción castellana de Joandomènec Ros. |
| 260 |
_aBarcelona : _bCrítica, _c[2002] |
||
| 300 |
_a304 p ; _c24 cm. |
||
| 490 | 1 | _aDrakontos | |
| 650 | 1 | 4 |
_aGenética molecular. _913064 |
| 700 | 1 |
_aGratzer, Walter. _959726 |
|
| 700 | 1 |
_aRos, Joandomènec. _999576 |
|
| 830 | 0 |
_aDrakontos _9179166 |
|
| 852 |
_aES-MaACL _jL-26414 _bR.131507 |
||
| 999 |
_c47872 _d47872 |
||